6-Letter Word Chain Game #4 - Statistics

General Stats
  • This quiz has been taken 24,801 times
  • The average score is 17 of 22
Answer Stats
Hint Answer % Correct
The largest U.S. state Alaska
95%
Color named after a fruit Orange
90%
A type of arachnid Spider
89%
Antonym of suffix Prefix
87%
Vine-swinging man raised by apes Tarzan
87%
Path for airplanes or fashion models Runway
86%
Beethoven's first name Ludwig
83%
Fermented dairy product Yogurt
82%
Word shouted when making a discovery Eureka
81%
He flew too close to the sun Icarus
81%
An ideal society Utopia
79%
Italian fashion house known for men's suits Armani
74%
Fastest gait of a horse Gallop
74%
Region above ≈66 degrees north Arctic
69%
Synonym of "deadly" Lethal
69%
Monte Carlo has a famous one Casino
68%
Racquet sport or type of gourd Squash
68%
Silvery Christmas tree ornament Tinsel
65%
Native American tribe of Arizona Navajo
64%
Japan's main island Honshu
58%
Great Persian ruler who invaded Greece Xerxes
56%
Opposite of the occident Orient
54%
No matching quizzes found
Score Distribution
Percent of People with Each Score
Percentile by Number Answered
Your Score History
You have not taken this quiz